| 000 | 00000nas 2200000zi 4500 |
| 001 | 9.841486 |
| 003 | CaOODSP |
| 005 | 20251031153226 |
| 006 | m o d f |
| 007 | cr ||||||||||| |
| 008 | 170811c20169999qucar p o f0 a0eng|d |
| 022 | |a2819-120X|y2291-7993 |
| 040 | |aCaOODSP|beng|erda|cCaOODSP |
| 043 | |an-cn--- |
| 086 | 1 |aBC9-5/6E-PDF|zBC9-5/2-2017 |
| 110 | 2 |aCanadian Radio-television and Telecommunications Commission.|eauthor, |eissuing body. |
| 222 | 0|aPrivacy Act, CRTC annual report |
| 245 | 10|aPrivacy Act, CRTC annual report. |
| 246 | 3 |aPrivacy Act, Canadian Radio-Television and Telecommunications Commission annual report |
| 264 | 1|aHull, Quebec : |bCanadian Radio-Television and Telecommunications Commission = Conseil de la radiodiffusion et des télécommunications canadiennes, |c2016- |
| 310 | |aAnnual |
| 336 | |atext|btxt|2rdacontent |
| 337 | |acomputer|bc|2rdamedia |
| 338 | |aonline resource|bcr|2rdacarrier |
| 362 | 1 |aBegan with : 2015/2016. |
| 500 | |aIssued also in French under title: Loi sur la protection des renseignements personnels, rapport annuel du CRTC. |
| 610 | 20|aCanadian Radio-television and Telecommunications Commission.|vPeriodicals. |
| 610 | 10|aCanada. |tPrivacy Act|vPeriodicals. |
| 650 | 0|aPrivacy, Right of|zCanada|vPeriodicals. |
| 655 | 7|aPeriodicals|2lcgft |
| 775 | 08|tLoi sur la protection des renseignements personnels, rapport annuel du CRTC.|w(CaOODSP)9.841488 |
| 780 | 00|tAnnual report. |w(CaOODSP)9.841177 |